New Zealand Geography by Letter - D - Statistics

General Stats
  • This quiz has been taken 34 times
  • The average score is 2 of 5
Answer Stats
clue answer % Correct
South Island's second city, the Gaelic name for Edinburgh Dunedin
100%
Founded by Scandinavians, this Hawkes Bay town's name is Danish for Danish fortification Dannevirke
39%
Canterbury Plains town, 30 km west of Christchurch Darfield
30%
Northland town, in kauri gum country on the west coast Dargaville
27%
Largest island in Marlborough Sounds {D'Urville} Island
18%
No matching quizzes found
Score Distribution
Percent of People with Each Score
Percentile by Number Answered
Your Score History
You have not taken this quiz